| 000 | 03083cas a22006257a 4500 | ||
|---|---|---|---|
| 001 | 22487244 | ||
| 003 | OSt | ||
| 005 | 20230704103338.0 | ||
| 008 | 100407d19811988dcuuu o f0 a0eng | ||
| 010 |
_a 2022201175 _z 95645613 _zsn 94017861 |
||
| 022 | 0 |
_a2831-6088 _21 |
|
| 035 | _a(OCoLC)ocn604234492 | ||
| 037 | _bU.S. Govt. Print. Off., Supt. of Docs., Mail Stop: SSOP, Washington, DC 20402-9328 | ||
| 040 |
_aOCLCE _beng _cOCLCE _dOCLCQ _dOCLCO _dOCLCA _dOCLCF _dOCL _dOCLCQ _dOCLCO _dOCLCQ _dLDP _dDLC |
||
| 042 |
_adlr _apcc _ansdp |
||
| 043 | _an-us--- | ||
| 050 | 4 |
_aKZ21 _b.R68 |
|
| 050 | 4 |
_aJX21 _b.R68 |
|
| 074 | _a0864-A | ||
| 082 | 0 | 0 |
_a341/.0973 _223/eng/20220331 _bNAS |
| 086 | 0 | _aS 7.12/3: | |
| 222 | 0 |
_aCumulative digest of United States practice in international law _b(Online) |
|
| 245 | 0 | 0 | _aCumulative digest of United States practice in international law. |
| 260 |
_aWashington, DC : _bOffice of the Legal Adviser, Dept. of State : _bFor sale by U.S. G.P.O., Supt. of Docs., _c[1981-1988] |
||
| 300 |
_a1 online resource (3 volumes) : _billustrations |
||
| 336 |
_atext _btxt _2rdacontent |
||
| 337 |
_acomputer _bc _2rdamedia |
||
| 338 |
_aonline resource _bcr _2rdacarrier |
||
| 362 | 0 | _a1981-1988, bk. 1-3. | |
| 490 | 1 | _aDepartment of State publication | |
| 500 | _aEditor: Marian Nash (Leich). | ||
| 506 |
_3Use copy _5MiAaHDL _fRestrictions unspecified _2star |
||
| 533 |
_aElectronic reproduction. _b[Place of publication not identified] : _cHathiTrust Digital Library, _d2010. _5MiAaHDL |
||
| 538 |
_aMaster and use copy. Digital master created according to Benchmark for Faithful Digital Reproductions of Monographs and Serials, Version 1. Digital Library Federation, December 2002. _uhttp://purl.oclc.org/DLF/benchrepro0212 _5MiAaHDL |
||
| 580 | _aContinues the annual publication: Digest of United States practice in international law. | ||
| 583 | 1 |
_adigitized _c2010 _hHathiTrust Digital Library _lcommitted to preserve _5MiAaHDL _2pda |
|
| 588 | 0 | _aBook 1 (1993); title from title page (hathitrust.org, viewed March 31, 2022). | |
| 588 | 1 | _aBook 3 (December 1995) (viewed March 31, 2022). | |
| 650 | 0 |
_aInternational law _vPeriodicals. |
|
| 650 | 7 |
_aInternational law. _2fast _0(OCoLC)fst00976984 |
|
| 650 | 7 |
_aDiplomatic relations. _2fast _0(OCoLC)fst01907412 |
|
| 651 | 0 |
_aUnited States _xForeign relations _vPeriodicals. |
|
| 651 | 7 |
_aUnited States. _2fast _0(OCoLC)fst01204155 |
|
| 655 | 7 |
_aPeriodicals. _2fast _0(OCoLC)fst01411641 |
|
| 700 | 1 | _aNash, Marian Lloyd. | |
| 710 | 1 |
_aUnited States. _bDepartment of State. _bOffice of the Legal Adviser. |
|
| 776 | 0 | 8 |
_iPrint version: _tCumulative digest of United States practice in international law _x2831-607X _w(DLC) 95645613 _w(OCoLC)30489374 |
| 780 | 1 | 0 | _tDigest of United States practice in international law |
| 785 | 0 | 0 | _tDigest of United States practice in international law (2001) |
| 830 | 0 | _aDepartment of State publication. | |
| 906 |
_a7 _bbbc _cserasst _du _encip _f20 _gn-oclcserc |
||
| 942 |
_2ddc _cBK |
||
| 999 |
_c3653 _d3653 |
||